000 01584nam a2200253 4500
005 20250329165417.0
007 ta
008 180709s2021 000 0 eng d
040 _aCO-CtgCURN
_bspa
_ccoctgcurn
082 0 _aBAC 2021
_bP438
100 1 _aPérez Polo, Norelcy.
245 1 0 _aSepsis neonatal y factores de riesgo asociados en los infantes :
_bUna revisión de estudios colombianos /
_cNorelcy Pérez Polo; Greys Paola Samper Morrón.
260 _c2021.
260 1 _aCartagena de Indias : :
_bCorporación Universitaria Rafael Nuñez,,
_c2021.
300 _a20 hojas.
504 _aTrabajo de grado (Bacteriologia). Corporación Universitaria Rafael Nuñez. Facultad de Ciencias de la salud. Bacteriologia, 2021.
520 _a"La sepsis neonatal es un síndrome de respuesta inflamatoria sistémica, en presencia o sospecha de infección en el recién nacido, confirmada al aislarse en hemocultivos o líquido cefalorraquídeo algún agente microbiano. Esto es considerado un problema de salud pública en la primera infancia, debido a las altas tasas de morbimortalidad a nivel nacional y mundial. "
650 1 4 _aBacteriologia
_vTesis y disertaciones academicas.
700 1 _aSamper Morrón, Greys Paola.
856 _uhttps://unicurn.sharepoint.com/:b:/s/biblioteca/EUqnTXP_zPJEmBpLvzFra4IBjGKVybYgadwHW_UUm7lLEw?e=Ji52nq
_zClick aqui para ver el recurso en texto completo
856 7 _zClick aqui para ver el recurso en texto completo
942 _2ddc
_cTG
_hBAC 2021
_iP438
999 _c3078
_d3078